| 000 | 00418nam a22001577a 4500 | ||
|---|---|---|---|
| 008 | 250325b |||||||| |||| 00| 0 eng d | ||
| 020 | _a9780323795340 | ||
| 050 |
_aRT62 _b.S55 |
||
| 100 | _aSilvester Onne Linda | ||
| 245 | _aQ & A Review for the nelex-pn Examination | ||
| 250 | _a6th | ||
| 260 |
_aMissouri _bElsevier _c2023 |
||
| 300 | _axv,647p | ||
| 650 | _aPractical Nursing Examination Questions | ||
| 942 | _cBK | ||
| 999 |
_c2661 _d2661 |
||